Score 0/15 Timer 05:00
0 Plays Today
% Correct
Cruise/Hoffman
92.5%
Freeman/Pitt
88.1%
Cruise/Pitt
84.7%
Hackman/Cruise
68.8%
Redford/Hoffman
61.8%
Hoffman/Freeman
55.5%
Pitt/Hackman
55.3%
Hackman/Freeman
55.1%
% Correct
Freeman/Cruise
48.9%
Redford/Pitt
48%
Hoffman/Hackman
42.2%
Pitt/Hoffman
37.1%
Cruise/Redford
33.5%
Hackman/Redford
28.9%
Freeman/Redford
28%
Remove Ads.
Support Sporcle.
Get the best of Sporcle when you Go Orange. This ad-free experience offers more features, more stats, and more fun while also helping to support Sporcle. Thank you for becoming a member.

You're not logged in!

Compare scores with friends on all Sporcle quizzes.
OR
Log In

Sporcle TV

Today on Sporcle TV


Watch our educational content, quiz creation guides, and fun videos on Sporcle TV.

Show Comments

Extras

Top Quizzes Today


Score Distribution

Paid Content

Your Account Isn't Verified!

In order to create a playlist on Sporcle, you need to verify the email address you used during registration. Go to your Sporcle Settings to finish the process.

Report this User

Report this user for behavior that violates our Community Guidelines.

Details: